Bring Fun to Online Teaching: (Record no. 203157)

MARC details
000 -LEADER
fixed length control field 00604nam a22001937a 4500
005 - DATE AND TIME OF LATEST TRANSACTION
control field 20240703144610.0
010 ## - LCCN (DPL NO)
LC control number ENG-140471
020 ## - INTERNATIONAL STANDARD BOOK NUMBER
International Standard Book Number 9789391399115
Terms of availability 200.00
035 ## - SYSTEM CONTROL NUMBER
System control number EN-124003
037 ## - SOURCE OF ACQUISITION
Source of stock number/acquisition DBAD
082 ## - DEWEY DECIMAL CLASSIFICATION NUMBER
Classification number 370
100 ## - MAIN ENTRY--PERSONAL NAME
Personal name Joseph, Christo
245 ## - TITLE STATEMENT
Title Bring Fun to Online Teaching:
Remainder of title A Handy Guide for Inquistive Teachers/
Statement of responsibility, etc By Christo Joseph
260 ## - PUBLICATION, DISTRIBUTION, ETC. (IMPRINT)
Name of publisher, distributor, etc ATC Publishers
Date of publication, distribution, etc 2022
Place of publication, distribution, etc Bengaluru
270 ## - ADDRESS
Address No.5. Nandidurga Road, Benson Town, Bengaluru
300 ## - PHYSICAL DESCRIPTION
Extent 90p.
Dimensions 23cm(pb)
700 ## - ADDED ENTRY--PERSONAL NAME
Personal name Joseph Christo
Relator term Author
9 (RLIN) 66728
942 ## - ADDED ENTRY ELEMENTS (KOHA)
Source of classification or shelving scheme Dewey Decimal Classification
Item type English Books
Classification part 370
Call number suffix JOS
Holdings
Withdrawn status Lost status Not for loan Collection code Home library Current library Date acquired Source of acquisition Cost, normal purchase price Full call number Barcode Copy number Cost, replacement price Koha item type
      Non-fiction Central Jail Tihar Central Jail Tihar 22/05/2024 DBAD 200.00 370 JOS EN-124003 1 200.00 English Books

© Delhi Public Library
Hit Counter
free hit counter